000 00643nam a22002177a 4500
003 UA-OsUOA
001 116282
007 ta
008 20160225b un ||||| |||| 00| 0 ukr d
100 _aПіхоцький Ю.
090 _a330(477)
_bП36
942 _cSA
040 _aUA-OsUOA
_bukr
_cUA-OsUOA
_dUA-OsUOA
245 _aСутність аудиту державних ресурсів як форма фінансового контролю
300 _aС.35-39
955 _a0
041 _aukr
080 _a330(477)
773 0 _w116280
_tЕкономіст
_dК.
_d2016
_g1
650 7 _a330 Економіка взагалі
_2UDC
999 _c402089
_d402089